Types of Tree - Statistics

General Stats
  • This quiz has been taken 4 times
  • The average score is 4 of 15
Answer Stats
Hint: type of Answer % Correct
Tree Birch
100%
Tree Oak
100%
Tree Acorn
33%
Tree Apple
33%
Tree Orange
33%
Tree Redwood
33%
Tree Willow
33%
Tree Banana
0%
Tree Bonsai
0%
Tree Cherry
0%
Tree Chestnut
0%
Tree Dark wood
0%
Tree Lemon
0%
Tree Pear
0%
Tree Spruce
0%
No matching quizzes found
Score Distribution
Percent of People with Each Score
Percentile by Number Answered
Your Score History
You have not taken this quiz